| 000 | 00565nam a2200193Ia 4500 | ||
|---|---|---|---|
| 008 | 140626s9999 xx 000 0 und d | ||
| 100 | _aPorter, Eileen. | ||
| 245 |
_aIncidents when older homebound women tried to reach help quickly / _cEileen Porter ... [et al.]. |
||
| 260 | _cc2013. | ||
| 300 | _a6 : 1, page 36 | ||
| 440 | _aResearch in Gerontological Nursing | ||
| 521 | _aNUR | ||
| 650 | _aElder adults. | ||
| 650 | _aHomebound women. | ||
| 650 | _aIncidents. | ||
| 650 | _aPersonal emergency alarms. | ||
| 650 | _aQuick assistance. | ||
| 942 | _cSE | ||
| 999 |
_c121451 _d121451 |
||